000 00653cam a2200229 4500500
005 20260405001504.0
041 _afre
042 _adc
100 1 0 _aTenaillon, Nicolas
_eauthor
245 0 0 _aMontaigne et l’amitié
260 _c2013.
500 _a42
690 _aAmitié
690 _aAndré Comte-Sponville
690 _aEssais
690 _aLa Boétie
690 _aMartin Duru
690 _aMontaigne
690 _aSarah Bakewell
786 0 _nPhilosophie magazine | 69 | 5 | 2013-05-01 | p. 51-51 | 1951-1787
856 4 1 _uhttps://shs.cairn.info/magazine-philosophie-magazine-2013-5-page-51?lang=fr&redirect-ssocas=7080
999 _c2048214
_d2048214